MAASAI MARA UNIVERSITY

LIBRARY CATALOGUE

Contact Us: +254 020 2685356/7 or 0774 057787

Box: 861-20500, NAROK, KENYA

Email: info@mmarau.ac.ke

Maisha : (Record no. 15793)

MARC details
000 -LEADER
fixed length control field 00372nam a22001337a 4500
003 - CONTROL NUMBER IDENTIFIER
control field OSt
005 - DATE AND TIME OF LATEST TRANSACTION
control field 20220920041152.0
008 - FIXED-LENGTH DATA ELEMENTS--GENERAL INFORMATION
fixed length control field 151112b xxu||||| |||| 00| 0 eng d
040 ## - CATALOGING SOURCE
Transcribing agency MMU
Original cataloging agency MMU
Language of cataloging eng
Modifying agency MMU
050 ## - LIBRARY OF CONGRESS CALL NUMBER
Classification number PL8704 .I39 1990
245 ## - TITLE STATEMENT
Title Maisha :
Remainder of title Kitendawilli na Jora/
Statement of responsibility, etc. Ikeda Daisaku.
260 ## - PUBLICATION, DISTRIBUTION, ETC. (IMPRINT)
Place of publication, distribution, etc. Nairobi :
Name of publisher, distributor, etc. Nairobi University,
Date of publication, distribution, etc. 1990.
942 ## - ADDED ENTRY ELEMENTS (KOHA)
Source of classification or shelving scheme Library of Congress Classification
Koha item type L
Holdings
Withdrawn status Lost status Source of classification or shelving scheme Damaged status Not for loan Home library Current library Date acquired Source of acquisition Total Checkouts Full call number Barcode Date last seen Date last checked out Price effective from Koha item type
    Library of Congress Classification     Maasai Mara University Library -Main Campus Maasai Mara University Library -Main Campus 11/12/2015 Donation 1 PL8704 .I39 1990 201514399 03/22/2023 03/06/2023 11/12/2015 L
© 2016 Maasai Mara University.